000
00311nam a2200121Ia 4500
008
190216s9999||||xx |||||||||||||| ||und||
100
_a
Banarasi Das Chadurvedhi
245
0
_a
Hindi-Ramaprasad Vishmal Athmakatha
260
_b
New Age International Publishers
300
_a
151
650
_a
Hindi
942
_c
BK
999
_c
15903
_d
15903